02239nam a2200301uu 4500001000800000005001700008008004100025020001800066035001200084040001300096041000800109082000800117100004200125245017500167250001700342260004200359300004200401490002800443505067700471520051901148650002401667650003501691650005001726650003701776650004001813700004301853700004101896153774820260508093723.0191106s2019 spa  a9789587629941 a1537748 ccomduadb aspa 4a34410aGrajales Londoño, Gherson4auteaut10aEstatuto tributario 2019, contextualizado bajo IFRS (IASB) : última reforma tributaria y decretos reglamentarios. Buenas prácticas tributarias de Gobierno corporativo a1. edición aBogotá :bEdiciones de la U,c2019. a620 páginas :btablas y gráficos.0 aContabilidad y Finanzas aCONTENIDO : Presentación. -- Introducción. -- A. Marco conceptual. -- B. Marco normativo. -- Título preliminar: obligación tributaria. -- Libro primero: impuesto sobre la renta y complementarios. -- Libro segundo: retención en la fuente. -- Libro tercero: impuesto sobre las ventas. -- Libro cuarto: impuesto de timbre nacional. -- Libro quinto: procedimiento tributario, sanciones y estructura de la Dirección de Impuestos Nacionales. -- Libro sexto: gravamen a los movimientos financieros (incorporado por el artículo 1 de la Ley 633 de 2000). -- Libro séptimo. -- Libro octavo (sustituido por el artículo 66 de la Ley 1943 de 2018). -- Bibliografía.3 aEsta publicación ha sido compilada teniendo en cuenta el agrupamiento de temas de común uso para el lector en un índice alfabético, adicionalmente se han comentado los cambios y jurisprudencia sobre las reformas tributarias de los últimos 20 años. Se han incorporado recursos didácticos como los mentefactos para la enseñanza del derecho tributario, y se han tratado los nuevos tópicos en materia de impuesto de renta, además de la contextualización con los estándares internacionales IASB. aEstatuto Tributario 7aDerecho fiscalzColombia2lemb aHacienda pública - Legislación - Colombia aLey de financiamiento - Colombia 7aReforma tributaria zColombia2lemb10aVargas Sierra, Carlos Arturo4auteaut10aAgudelo Giraldo, Luz Deicy4auteaut